ស្តេចដំរីស : (Record no. 9222)

MARC details
000 -LEADER
fixed length control field 03558nam a22003017a 4500
001 - CONTROL NUMBER
control field 9222
003 - CONTROL NUMBER IDENTIFIER
control field FISKH
005 - DATE AND TIME OF LATEST TRANSACTION
control field 20251203105652.0
008 - FIXED-LENGTH DATA ELEMENTS--GENERAL INFORMATION
fixed length control field 251203b cb ||||| |||| 00| 0 eng d
020 ## - INTERNATIONAL STANDARD BOOK NUMBER
International Standard Book Number 9789996333057
040 ## - CATALOGING SOURCE
Original cataloging agency FISKH
Language of cataloging khr
Transcribing agency FISKH
Modifying agency FISKH
050 ## - LIBRARY OF CONGRESS CALL NUMBER
Classification number PZ7
082 ## - DEWEY DECIMAL CLASSIFICATION NUMBER
Classification number 398.2
100 ## - MAIN ENTRY--PERSONAL NAME
Personal name Thai Ly, Ly
245 ## - TITLE STATEMENT
Title ស្តេចដំរីស :
Remainder of title The white elephant king /
Statement of responsibility, etc. រៀបរៀងដោយ​ លោក លី ថៃលី , វិចិត្រកររូបភាព លោក ថៃ សាន​
260 ## - PUBLICATION, DISTRIBUTION, ETC.
Place of publication, distribution, etc. Phnom Penh :
Name of publisher, distributor, etc. Pai Net ,
300 ## - PHYSICAL DESCRIPTION
Extent 24 pages :
Other physical details color illustrations ;
Dimensions 25 cm .
505 ## - FORMATTED CONTENTS NOTE
Formatted contents note M <br/>
520 ## - SUMMARY, ETC.
Summary, etc. នាងកល្យាណីជាកូនកសិករក្រីក្រ​រស់នៅជនបទដាច់ស្រយាល ក្រោយមកនាងក៏មានផ្ទៃពោះដោយសារតែនាងផឹកទឹកនោមដំរីនៅពេលនាងចេញទៅរកដំឡូងនៅក្នុងព្រៃ ។ ក្រោយនាងសម្រាលបានកូនស្រីមួយ ឈ្មោះនាងកន្ទន់សត្រា ។​ ពេលនាងអាយុ៧ឆ្នាំ បិតាដែលជាស្តេចដំរីស ក៏ជប់វិមានមួយអោយនាងរស់នៅ ក្រោយមកនាងក៏ជួបនឹងព្រះបាទសាមលរាជ ពួកគេក៏ចាប់ចិត្តស្រលាញ់គ្នា ។ ថ្លែងពីព្រះបាទឥន្រ្ទីយដែលជាស្តេចកំណាចបានផ្សំផ្គុំព្រះនាងមោហាដែលជាបុត្ររបស់ខ្លួនអោយអភិសេកជាមួយព្រះបាទសាមលរាជ ។ ព្រះបាទសាមរាជមិនយល់ព្រម ព្រះបាទឥន្រ្ទីយក៏លើកទ័ពមកច្បាំង ។ ស្តេចដំរីស , ព្រះបាទឥន្រ្ទី និង ព្រះនាង​មោហាក៏បានស្លាប់ក្នុងពេលនោះ ។ ព្រះបាទសាមលនិងនាងកន្ទន់សត្រាក៏រៀបអភិសេកនឹងគ្នានៅពេលនោះ ។
520 ## - SUMMARY, ETC.
Summary, etc. Kalyani was the daughter of a poor farmer who lived in a remote rural area. One day, while she was digging for yams in the forest, she drank some elephant urine and later became pregnant. She eventually gave birth to a daughter named Kantan Sattra.<br/><br/>When the girl reached the age of seven, her father—King Domrei S, the elephant king—built her a palace to live in. Later on, she met King Samal Reach, and the two fell in love.<br/><br/>Meanwhile, King Entri, a cruel ruler, arranged for his daughter, Princess Moha, to marry King Samal Reach. But King Samal Reach refused. Angered, King Entri raised his army and attacked.<br/><br/>In the battle that followed, the Elephant King, King Entri, and Princess Moha all died. King Samal Reach and Kantan Sattra then held their wedding ceremony and became husband and wife.
521 8# - TARGET AUDIENCE NOTE
Target audience note 530 <br/>
Source Lexile estimate <br/>
521 8# - TARGET AUDIENCE NOTE
Target audience note M <br/>
Source Raz-Plus <br/>
650 ## - SUBJECT ADDED ENTRY--TOPICAL TERM
Topical term or geographic name entry element ស្តេចដំរីស
Form subdivision រឿងនិទានកុមារ
650 ## - SUBJECT ADDED ENTRY--TOPICAL TERM
Topical term or geographic name entry element The white elephant king
Form subdivision Children's Stories
700 ## - ADDED ENTRY--PERSONAL NAME
Personal name San , Thai
Relator term Illustrator
942 ## - ADDED ENTRY ELEMENTS (KOHA)
Source of classification or shelving scheme Dewey Decimal Classification
Koha item type Khmer Books
Suppress in OPAC No
Holdings
Withdrawn status Lost status Source of classification or shelving scheme Damaged status Not for loan Collection Home library Current library Shelving location Date acquired Total Checkouts Full call number Barcode Date last seen Copy number Price effective from Koha item type
    Dewey Decimal Classification     Khmer-English Bilingual / ភាសាខ្មែរ-អង់គ្លេស Footprints International School Library Network Toul Tom Poung Campus Footprints International School Library Network Toul Tom Poung Campus TTP Primary Khmer Bookshelves 12/03/2025   THA PZ7 398.2 2025-5009 12/03/2025 1 12/03/2025 Khmer Books
    Dewey Decimal Classification     Khmer-English Bilingual / ភាសាខ្មែរ-អង់គ្លេស Footprints International School Library Network Toul Tom Poung Campus Footprints International School Library Network Toul Tom Poung Campus TTP Primary Khmer Bookshelves 12/03/2025   THA PZ7 398.2 2025-5010 12/03/2025 2 12/03/2025 Khmer Books